000 00956 a2200253 4500
003 Nust
005 20230124094338.0
010 _a 84004617
020 _a0470200782
020 _a0470200782 (pbk. : U.S.)
040 _cNust
082 0 0 _a384,DEA
100 1 _aDeasington, R. J.
_9107502
245 1 2 _aA practical guide to computer communications and networking /
_cR.J. Deasington.
250 _a2nd ed.
260 _aChichester, West Sussex, England :
_bE. Horwood ;
_aNew York :
_bHalsted Press,
_c1984.
300 _a126 p. :
_bill. ;
_c25 cm.
440 0 _aComputers and their applications ;
_v22
_9107503
505 _aBasic Concepts (Page-11), Transmission of Data (Page-21), Physical Network Techniques (Page-43), Implementation (Page-68), Protocols (Page-87).
650 0 _aComputer networks.
_93677
650 0 _aData transmission systems.
_917977
650 0 _aPacket switching (Data transmission)
_994486
942 _2ddc
_cBK
_k384,DEA
999 _c175321
_d175321